{"text_format":"2","workbook":"xlsx","n_sheets":2,"sheets":["UBF","CPU"],"not_rendered":{"charts":0,"images":1,"macros":0,"external_links":2,"defined_names":4,"comments":0,"pivot_tables":0},"unopened":[],"bounds":{"document_bytes":16777216,"sheet_cells":100000,"run_cost":"one","rows_first":2000,"rows_last":500,"rows_between":2000,"halvings":0,"cell_chars":16384,"cell_head_chars":4096},"cells_cut":0,"cells_raw":0,"read":"whole","date_system":"1900"}

{"sheet":"UBF","index":0,"n_rows":104,"n_cols":11,"rows_kept":104,"cut":false,"hidden":false,"merged":[[47,3,47,7],[54,3,54,7],[104,0,104,8],[9,3,9,7],[24,3,24,7],[30,3,30,7],[32,3,32,7],[36,3,36,7],[42,3,42,7],[10,3,10,7],[13,3,13,7],[19,3,19,7],[5,0,5,8],[6,0,7,0],[6,1,7,1],[6,2,7,2],[6,3,7,3],[6,4,7,4],[6,5,7,5],[6,6,6,8],[0,0,0,8],[1,0,1,8],[2,0,2,8],[3,0,4,6],[3,7,3,8],[4,7,4,8]]}
["MINISTÉRIO DA INTEGRAÇÃO E DO DESENVOLVIMENTO REGIONAL",{"$nulls":8},"BDI serviç",1.2591000000000001]
["COMPANHIA DE DESENVOLVIMENTO DOS VALES DO SÃO FRANCISCO E DO PARNAÍBA",{"$nulls":8},"BDI fornec.",1.1359999999999999]
["SEDE"]
["PLANILHA ORÇAMENTÁRIA DE ESTIMATIVA GERAL PARA O DISTRITO FEDERAL ",{"$nulls":6},"Base SINAPI-DF 03-2025      ORSE 02-2025"]
[{"$nulls":7},"Data: Maio - 2025"]
[]
["Item","Base        ","Código        ","Descrição","Unid.","Quant.","Valor (R$)"]
[{"$nulls":6},"Unit. (sem BDI)","Unit. (com BDI)","Total"]
[]
[17,null,null,"UNIDADE DE BENEFICIAMENTO DE FRUTOS",{"$nulls":4},{"$f":"SUM(I11,I14,I20,I25,I31,I33,I37,I43,I48,I55)","v":397156.44917919999}]
["17.1",null,null,"SERVIÇOS PRELIMINARES",{"$nulls":4},{"$f":"SUM(I12:I13)","v":5375.7199999999993}]
["17.2","Sinapi",105009,{"$f":"[1]CPU!$A$91","v":"LOCAÇÃO DE OBRAS"},"m",{"$f":"15+10+15+10","v":50},{"$f":"J12","v":83.5},{"$f":"(G12*K$1)","v":105.13485000000001},{"$f":"ROUND(F12*H12,2)","v":5256.74},83.5]
["17.3","Sinapi",98525,"LIMPEZA MECANIZADA DE CAMADA VEGETAL, VEGETAÇÃO E PEQUENAS ÁRVORES (DIÂMETRO DE TRONCO MENOR QUE 0,20 M), COM TRATOR DE ESTEIRAS.","m²",{"$f":"15*10","v":150},{"$f":"J13","v":0.63},{"$f":"(G13*K$1)","v":0.79323300000000008},{"$f":"ROUND(F13*H13,2)","v":118.98},0.63]
["17.4",null,null,"MOVIMENTO DE TERRA",{"$nulls":4},{"$f":"SUM(I15:I19)","v":3035.77}]
["17.5","Sinapi",101230,"ESCAVAÇÃO VERTICAL A CÉU ABERTO, EM OBRAS DE INFRAESTRUTURA, INCLUINDO CARGA, DESCARGA E TRANSPORTE, EM SOLO DE 1ª CATEGORIA COM ESCAVADEIRA HIDRÁULICA (CAÇAMBA: 0,8 M³ / 111 HP)","m³",54.76,{"$f":"J15","v":10.94},{"$f":"G15*$K$1","v":13.774554},{"$f":"ROUND(F15*H15,2)","v":754.29},10.94]
["17.6","Sinapi",100577,"REGULARIZAÇÃO E COMPACTAÇÃO DE SUBLEITO DE SOLO PREDOMINANTEMENTE ARENOSO.","m²",150,{"$f":"J16","v":1.23},{"$f":"G16*$K$1","v":1.5486930000000001},{"$f":"ROUND(F16*H16,2)","v":232.3},1.23]
["17.7","Sinapi",96385,"EXECUÇÃO E COMPACTAÇÃO DE ATERRO COM SOLO PREDOMINANTEMENTE ARGILOSO - EXCLUSIVE SOLO, ESCAVAÇÃO, CARGA E TRANSPORTE","m³",75,11.59,{"$f":"G17*$K$1","v":14.592969000000002},{"$f":"ROUND(F17*H17,2)","v":1094.47},11.59]
["17.8","Sinapi",100574,"ESPALHAMENTO DE MATERIAL COM TRATOR DE ESTEIRAS.","m³",75,1.42,{"$f":"G18*$K$1","v":1.787922},{"$f":"ROUND(F18*H18,2)","v":134.09},1.42]
["17.9","Sinapi",100973,"CARGA, MANOBRA E DESCARGA DE SOLOS E MATERIAIS GRANULARES EM CAMINHÃO BASCULANTE 6 M³ - CARGA COM PÁ CARREGADEIRA (CAÇAMBA DE 1,7 A 2,8 M³ /128 HP) E DESCARGA LIVRE ","m³",75,8.69,{"$f":"G19*$K$1","v":10.941579000000001},{"$f":"ROUND(F19*H19,2)","v":820.62},8.69]
["17.10",null,null,"FUNDAÇÕES/ ESTRUTURAS DE CONCRETO ARMADO",{"$nulls":4},{"$f":"SUM(I21:I24)","v":15967.869179199999}]
["17.11","Sinapi",92802,"CORTE E DOBRA DE AÇO CA-50, DIÂMETRO DE 8,0 MM","kg",101.6,{"$f":"J21","v":9.82},{"$f":"G21*$K$1","v":12.364362000000002},{"$f":"H21*F21","v":1256.2191792000001},9.82]
["17.12","Sinapi",94965,"CONCRETO FCK = 25MPA, TRAÇO 1:2,3:2,7 (CIMENTO/ AREIA MÉDIA/ BRITA 1) - PREPARO MECÂNICO COM BETONEIRA 400 L. ","m³",17,{"$f":"J22","v":576.97},726.46292700000015,{"$f":"ROUND(F22*H22,2)","v":12349.87},576.97]
["17.13","Sinapi",103673,"LANÇAMENTO COM USO DE BOMBA, ADENSAMENTO E ACABAMENTO DE CONCRETO EM ESTRUTURAS. AF_02/2022","m³",17,45.48,57.263868000000002,{"$f":"ROUND(F23*H23,2)","v":973.49},45.48]
["17.14","Sinapi",97086,"FABRICAÇÃO, MONTAGEM E DESMONTAGEM DE FORMA PARA RADIER, EM MADEIRA SERRADA, 4 UTILIZAÇÕES.","m²",7.8,141.36000000000001,177.98637600000004,{"$f":"ROUND(F24*H24,2)","v":1388.29},141.36000000000001]
["17.15",null,null,"ALVENARIAS, DIVISÓRIAS E FECHAMENTOS",{"$nulls":4},{"$f":"SUM(I26:I30)","v":59547.08}]
["17.16","CPU","CPU010","REVESTIMENTO DE PAREDES EM CHAPAS DE AÇO INOXIDÁVEL AISI 304","m²",160.29,50.56,{"$f":"G26*$K$1","v":63.66009600000001},{"$f":"ROUND(F26*H26,2)","v":10204.08},{"$f":"CPU!I155","v":50.56}]
["17.17","ORSE","10280/ORSE","REVESTIMENTO TERMICO NAS PAREDES EXTERNAS COM LÃ DE VIDRO","m²",134.78,15.05,18.949455000000004,{"$f":"ROUND(F27*H27,2)","v":2554.0100000000002},15.05]
["17.18","CPU","CPU009","CHAPA XADREZ EM ALUMINIO PARA PISO e:3mm, INCLUSO REBITE PARA FIXAÇÃO","m²",56.543999999999997,432.33370000000002,544.35136167000007,{"$f":"ROUND(F28*H28,2)","v":30779.8},{"$f":"CPU!I142","v":432.33370000000002}]
["17.19","Sinapi",104723,"PAREDE COM SISTEMA EM CHAPAS DE GESSO PARA DRYWALL, USO INTERNO, COM DUAS FACES DUPLAS E ESTRUTURA METÁLICA COM GUIAS DUPLAS PARA PAREDES COM ÁREA LÍQUIDA MENOR QUE 6 M2, COM VÃOS.","m²",42.8,212.24,267.23138400000005,{"$f":"ROUND(F29*H29,2)","v":11437.5},212.24]
["17.20","Sinapi",96486,"FORRO EM RÉGUAS DE PVC, LISO, PARA AMBIENTES COMERCIAIS, INCLUSIVE ESTRUTURA BIDIRECIONAL DE FIXAÇÃO","m²",54.112000000000002,67.099999999999994,84.485609999999994,{"$f":"ROUND(F30*H30,2)","v":4571.6899999999996},67.099999999999994]
["17.21",null,null,"PINTURAS",{"$nulls":4},{"$f":"SUM(I32:I32)","v":15208.29}]
["17.22","Sinapi",100751,"PINTURA COM TINTA EPOXÍDICA DE ACABAMENTO PULVERIZADA SOBRE PERFIL METÁLICO EXECUTADO EM FÁBRICA (02 DEMÃOS).","m²",263.89999999999998,45.77,{"$f":"G32*$K$1","v":57.629007000000009},{"$f":"ROUND(F32*H32,2)","v":15208.29},45.77]
["17.23",null,null,"COBERTURAS",{"$nulls":4},{"$f":"SUM(I34:I36)","v":42618.81}]
["17.24","ORSE","13874/ORSE","ESTRUTURA METALICA P/ COBERTURA DE CRECHE PADRÃO 1 DO PADRÃO FNDE, EM LIGTH STEEL FRAME, COM PERFIS UE70 MONTANTES DE TUBO UE70, INCLUSIVE FORNECIMENTO E MONTAGEM. EXCLUSIVE TELHAS","m²",98.42,{"$f":"J34","v":113.51},{"$f":"(G34*K$1)","v":142.92044100000001},{"$f":"ROUND(F34*H34,2)","v":14066.23},113.51]
["17.25","Sinapi",94216,"TELHAMENTO COM TELHA METÁLICA TERMOACÚSTICA E = 30 MM, COM ATÉ 2 ÁGUAS, INCLUSO IÇAMENTO","m²",98.42,213.14,{"$f":"G35*$K$1","v":268.364574},{"$f":"ROUND(F35*H35,2)","v":26412.44},213.14]
["17.26","Sinapi",94228,"CALHA EM CHAPA DE AÇO GALVANIZADO NÚMERO 24, DESENVOLVIMENTO DE 50 CM, INCLUSO TRANSPORTE VERTICAL. AF_07/2019","m",18,94.43,118.89681300000002,{"$f":"ROUND(F36*H36,2)","v":2140.14},94.43]
["17.27",null,null,"CONSTRUÇÃO CIVIL",{"$nulls":4},{"$f":"SUM(I38:I42)","v":25424.55}]
["17.28","Sinapi",100702,"PORTA DE CORRER DE ALUMÍNIO, COM DUAS FOLHAS PARA VIDRO, INCLUSO VIDRO LISO INCOLOR, FECHADURA E PUXADOR, SEM ALIZAR. ","m²",4.8499999999999996,413.17,{"$f":"G38*$K$1","v":520.22234700000001},{"$f":"ROUND(F38*H38,2)","v":2523.08},413.17]
["17.29","Sinapi",91341,"PORTA EM ALUMÍNIO DE ABRIR TIPO VENEZIANA COM GUARNIÇÃO, FIXAÇÃO COM PARAFUSOS - FORNECIMENTO E INSTALAÇÃO.","m²",3.8,639.44000000000005,805.11890400000016,{"$f":"ROUND(F39*H39,2)","v":3059.45},639.44000000000005]
["17.30","Sinapi",100674,"JANELA FIXA DE ALUMÍNIO PARA VIDRO, COM VIDRO, BATENTE E FERRAGENS. EXCLUSIVE ACABAMENTO, ALIZAR E CONTRAMARCO. FORNECIMENTO E INSTALAÇÃO. ","m²",8.85,938.54,1181.7157140000002,{"$f":"ROUND(F40*H40,2)","v":10458.18},938.54]
["17.31","CPU","CPU007","REVESTIMENTO CERÂMICO PARA PISO COM PLACAS TIPO ESMALTADA DE DIMENSÕES 45x45cm COM ARGAMASSA AC III","m²",60,86.441647000000003,108.83867773770001,{"$f":"ROUND(F41*H41,2)","v":6530.32},{"$f":"CPU!I118","v":86.441647000000003}]
["17.32","Sinapi",94228,"CALHA EM CHAPA DE AÇO GALVANIZADO NÚMERO 24, DESENVOLVIMENTO DE 50 CM, INCLUSO TRANSPORTE VERTICAL. AF_07/2019","m",24,94.43,118.89681300000002,{"$f":"ROUND(F42*H42,2)","v":2853.52},94.43]
["17.33",null,null,"INSTALAÇÕES PREDIAIS",{"$nulls":4},{"$f":"SUM(I44:I47)","v":14934.1}]
["17.34","CPU","CPU001",{"$f":"[2]CPU!$A$65","v":"EXECUÇÃO DE INSTALAÇÕES HIDROSSANITÁRIAS, EXCLUSIVE EQUIPAMENTOS"},{"$f":"[2]CPU!$I$78","v":"cj"},1,3153.6,{"$f":"G44*$K$1","v":3970.69776},{"$f":"ROUND(F44*H44,2)","v":3970.7},{"$f":"CPU!I16","v":3153.6}]
["17.35","CPU","CPU002",{"$f":"[2]CPU!$A$78","v":"EXECUÇÃO DE INSTALAÇÕES ELÉTRICAS, EXCLUSIVE EQUIPAMENTOS"},{"$f":"[2]CPU!$I$78","v":"cj"},1,3268.8,4115.7460800000008,{"$f":"ROUND(F45*H45,2)","v":4115.75},{"$f":"CPU!I29","v":3268.8}]
["17.36","SINAPI",98052,"TANQUE SÉPTICO CIRCULAR, EM CONCRETO PRÉ-MOLDADO, DIÂMETRO INTERNO = 1,10 M, ALTURA INTERNA = 2,50 M, VOLUME ÚTIL: 2138,2 L (PARA 5 CONTRIBUINTES).","un",1,2201.54,2771.959014,2771.96,2201.54]
["17.37","SINAPI",98062,"SUMIDOURO CIRCULAR, EM CONCRETO PRÉ-MOLDADO, DIÂMETRO INTERNO = 1,88 M, ALTURA INTERNA = 2,00 M, ÁREA DE INFILTRAÇÃO: 13,1 M² (PARA 5 CONTRIBUINTES)","un",1,3236.99,4075.694109,4075.69,3236.99]
["17.38",null,null,"SERVIÇOS DIVERSOS",{"$nulls":4},{"$f":"SUM(I49:I54)","v":36974.879999999997}]
["17.39","CPU","CPU003",{"$f":"[2]CPU!$A$140","v":"CORTE DE CONTAINER PARA ESQUADRIAS"},{"$f":"[2]CPU!$I$140","v":"m²"},12.65,182.17816999999999,{"$f":"G49*$K$1","v":229.38053384700001},{"$f":"ROUND(F49*H49,2)","v":2901.66},{"$f":"CPU!I47","v":182.17816999999999}]
["17.40","CPU","CPU004",{"$f":"[2]CPU!$A$182","v":"MODIFICAÇÕES NO CONTAINER COM CORTE POR ESMERILHADEIRA "},{"$f":"[2]CPU!$I$182","v":"m"},57.68,95.810799999999986,120.63537828,6958.25,{"$f":"CPU!I65","v":95.810799999999986}]
["17.41","CPU","CPU005",{"$f":"[2]CPU!$A$200","v":"MODIFICAÇÕES NO CONTAINER UNIÃO ATRAVÉS DO PROCESSO DE SOLDAGEM, INCLUSO IÇAMENTO DO CONTAINER"},{"$f":"[2]CPU!$I$200","v":"m"},40.799999999999997,387.142628,487.45128291480006,19888.009999999998,{"$f":"CPU!I87","v":387.142628}]
["17.42","Orse","00900/ORSE","ESCADA DE FERRO COM GUARDA-CORPO","m",0.9,1472.16,1853.5966560000002,1668.24,1472.16]
["17.43","CPU","CPU011","GUARDA-CORPO DE AÇO CARBONO, MONTANTES TUBULARES DE 1.1/2\" ESPAÇADOS EM 0,75M, ALTURA APROXIMADA DE 0,90M, PREPARADO COM FUNDO E TINTA EPÓXI NA COR AMARELA","m",1.9,516.72693466666669,650.6108834388001,1236.1600000000001,{"$f":"CPU!I178","v":516.72693466666669}]
["17.44","CPU","CPU013","FORNECIMENTO E INSTALAÇÃO DE SUPORTE PARA CAIXA D'ÁGUA EM METALON","un",1,3433.0584524000005,4322.5638974168414,4322.5600000000004,{"$f":"CPU!I216","v":3433.0584524000005}]
["17.45",null,null,"MATERIAIS",{"$nulls":4},{"$f":"SUM(I56:I104)","v":178069.38}]
["17.46","Cotação",null,"CONTAINER HIGH CUBE 40 PÉS 12,2X2,3X2,9 (COMPXLARGXALTU)","un",2,18015,{"$f":"G56*$K$1","v":22682.686500000003},{"$f":"ROUND(F56*H56,2)","v":45365.37},{"$f":"CPU!I195","v":18015}]
["17.47","Sinapi",89356,"TUBO PVC, SOLDAVEL, DN 25 MM, AGUA FRIA (NBR-5648)","m",6,25.84,32.535144000000003,195.21,25.84]
["17.48","Sinapi",89357,"TUBO PVC, SOLDAVEL, DN 32 MM, AGUA FRIA (NBR-5648)","m",18,35.520000000000003,44.72323200000001,805.02,35.520000000000003]
["17.49","Sinapi",89448,"TUBO PVC, SOLDAVEL, DN 40 MM, AGUA FRIA (NBR-5648) ","m",3,18.03,22.701573000000003,68.099999999999994,18.03]
["17.50","Sinapi",9838,"TUBO PVC SERIE NORMAL, DN 50 MM, PARA ESGOTO PREDIAL (NBR 5688) ","m",30,10.220000000000001,12.868002000000002,386.04,10.220000000000001]
["17.51","Sinapi",89362,"JOELHO 90 GRAUS, PVC, SOLDÁVEL, DN 25MM, INSTALADO EM RAMAL OU SUB-RAMAL DE ÁGUA - FORNECIMENTO E INSTALAÇÃO. AF_06/2022","un",5,10.42,13.119822000000001,65.599999999999994,10.42]
["17.52","Sinapi",89367,"JOELHO 90 GRAUS, PVC, SOLDÁVEL, DN 32MM, INSTALADO EM RAMAL OU SUB-RAMAL DE ÁGUA - FORNECIMENTO E INSTALAÇÃO. AF_06/2022","un",4,14.37,18.093267000000001,72.37,14.37]
["17.53","Sinapi",89497,"JOELHO 90 GRAUS, PVC, SOLDÁVEL, DN 40MM, INSTALADO EM PRUMADA DE ÁGUA - FORNECIMENTO E INSTALAÇÃO. AF_06/2022","un",3,14.45,18.193995000000001,54.58,14.45]
["17.54","Sinapi",3874,"LUVA SOLDAVEL COM BUCHA DE LATÃO DN25X1/2\"","un",5,6.69,8.4233790000000006,42.12,6.69]
["17.55","Sinapi",12909,"CAP PVC, SOLDAVEL, DN 50 MM, SERIE NORMAL, PARA ESGOTO PREDIAL","un",3,4.26,5.363766,16.09,4.26]
["17.56","Sinapi",7136,"TE DE REDUCAO, PVC, SOLDAVEL, 90 GRAUS, 32 MM X 25 MM, PARA AGUA FRIA PREDIAL","un",5,7.47,9.4054770000000012,47.03,7.47]
["17.57","Sinapi",97,"ADAPTADOR PVC SOLDAVEL, COM FLANGE E ANEL DE VEDACAO, 32 MM X 1\", PARA CAIXA D'ÁGUA","un",1,20.71,26.075961000000003,26.08,20.71]
["17.58","Sinapi",98,"ADAPTADOR PVC SOLDAVEL, COM FLANGE E ANEL DE VEDACAO, 40 MM X 1 1/4\", PARA CAIXA D'ÁGUA","un",1,31,39.0321,39.03,31]
["17.59","Sinapi",11871,"CAIXA D'AGUA EM POLIETILENO 500 LITROS, COM TAMPA","un",1,516.01,649.70819100000006,649.71,516.01]
["17.60","Sinapi",94795,"TORNEIRA DE BOIA PARA CAIXA D'ÁGUA, ROSCÁVEL, 1/2\" - FORNECIMENTO E INSTALAÇÃO. AF_08/2021","un",1,59.89,75.407499000000001,75.41,59.89]
["17.61","Sinapi",799,"BUCHA DE REDUCAO PVC, ROSCAVEL, 1\" X 1/2\"","un",1,3.92,4.9356720000000003,4.9400000000000004,3.92]
["17.62","Sinapi",11746,"VALVULA DE ESFERA BRUTA EM BRONZE, BITOLA 1”","un",1,82.88,104.354208,104.35,82.88]
["17.63","Sinapi",4177,"NIPLE DE FERRO GALVANIZADO, COM ROSCA BSP, DE 1/2\"","un",1,5.47,6.8872770000000001,{"$f":"ROUND(F73*H73,2)","v":6.89},5.47]
["17.64","Sinapi",3855,"LUVA SOLDAVEL COM BUCHA DE LATÃO DN25X1/2\"","un",1,5.77,7.2650069999999998,{"$f":"ROUND(F74*H74,2)","v":7.27},5.77]
["17.65","Sinapi",11674,"REGISTRO ESFERA PVC DN25 SOLDAVEL","un",1,25.7,32.358870000000003,{"$f":"ROUND(F75*H75,2)","v":32.36},25.7]
["17.66","Sinapi",35277,"CAIXA DE GORDURA EM PVC, DIAMETRO MINIMO 300 MM, DIAMETRO DE SAIDA 100 MM CAPACIDADE APROXIMADA 18 LITROS, COM TAMPA E CESTO","un",2,515.23,648.72609300000011,{"$f":"ROUND(F76*H76,2)","v":1297.45},515.23]
["17.67","Sinapi",89482,"CAIXA SIFONADA, PVC, DN 100 X 100 X 50 MM, FORNECIDA E INSTALADA EM RAMAIS DE ENCAMINHAMENTO DE ÁGUA PLUVIAL. AF_06/2022","un",5,50.56,63.66009600000001,318.3,50.56]
["17.68","Sinapi",89502,"JOELHO 45 GRAUS, PVC, SOLDÁVEL, DN 50MM, INSTALADO EM PRUMADA DE ÁGUA - FORNECIMENTO E INSTALAÇÃO. AF_06/2022","un",4,18.510000000000002,23.305941000000004,93.22,18.510000000000002]
["17.69","Sinapi",89501,"JOELHO 90 GRAUS, PVC, SOLDÁVEL, DN 50MM, INSTALADO EM PRUMADA DE ÁGUA - FORNECIMENTO E INSTALAÇÃO. AF_06/2022","un",10,15.73,19.805643000000003,198.06,15.73]
["17.70","Sinapi",103995,"LUVA, PVC, SOLDÁVEL, DN 50MM, INSTALADO EM RAMAL DE DISTRIBUIÇÃO DE ÁGUA - FORNECIMENTO E INSTALAÇÃO. AF_06/2022","un",21,16.52,20.800332000000001,436.81,16.52]
["17.71","Sinapi",89567,"JUNÇÃO SIMPLES, PVC, SERIE R, ÁGUA PLUVIAL, DN 100 X 100 MM, JUNTA ELÁSTICA, FORNECIDO E INSTALADO EM RAMAL DE ENCAMINHAMENTO. AF_06/2022","un",6,76.959999999999994,96.900335999999996,581.4,76.959999999999994]
["17.72","Sinapi",12909,"CAP PVC, SOLDAVEL, DN 50 MM, SERIE NORMAL, PARA ESGOTO","un",1,4.26,5.363766,5.36,4.26]
["17.73","Sinapi",34628,"DISJUNTOR TIPO DIN/IEC, BIPOLAR 63 A","un",1,111.73,140.67924300000001,140.68,111.73]
["17.74","Sinapi",34616,"DISJUNTOR TIPO DIN/IEC, BIPOLAR DE 6 ATE 32A","un",6,79.22,99.745902000000001,598.48,79.22]
["17.75","ORSE","07943/ORSE","DISJUNTOR BIPOLAR DR 25A - DISPOSITIVO DIFERENCIAL RESIDUAL, TIPO AC, 30MA","un",3,278.5,350.65935000000002,1051.98,278.5]
["17.76","Sinapi",39805,"QUADRO DE DISTRIBUICAO, EM PVC, DE EMBUTIR, COM BARRAMENTO TERRA / NEUTRO, PARA 12 DISJUNTORES NEMA OU 16 DISJUNTORES DIN","un",1,{"$f":"J86","v":280.14999999999998},352.73686500000002,352.74,280.14999999999998]
["17.77","Sinapi",1014,"CABO DE COBRE, FLEXIVEL, CLASSE 4 OU 5, ISOLACAO EM PVC/A, ANTICHAMA BWF-B, 1 CONDUTOR, 450/750 V, SECAO NOMINAL 2,5 MM2","m",397.5,2.92,3.6765720000000002,1461.44,2.92]
["17.78","Sinapi",39471,"DISPOSITIVO DPS CLASSE II, 1 POLO, TENSAO MAXIMA DE 275 V, CORRENTE MAXIMA DE *45* KA (TIPO AC)","un",2,159.11000000000001,200.33540100000005,400.67,159.11000000000001]
["17.79","Sinapi",981,"CABO DE COBRE, FLEXIVEL, CLASSE 4 OU 5, ISOLACAO EM PVC/A, ANTICHAMA BWF-B, 1 CONDUTOR, 450/750 V, SECAO NOMINAL 4 MM2","m",77.58,4.84,6.0940440000000002,472.78,4.84]
["17.80","Sinapi",993,"CABO DE COBRE, FLEXIVEL, CLASSE 4 OU 5, ISOLACAO EM PVC/A, ANTICHAMA BWF-B, COBERTURA PVC-ST1, ANTICHAMA BWF-B, 1 CONDUTOR, 0,6/1 KV, SECAO NOMINAL 1,5 MM2","m",396.4,2.48,3.1225680000000002,1237.79,2.48]
["17.81","Sinapi",38076,"TOMADAS (2 MODULOS) 2P+T 10A, 250V, CONJUNTO MONTADO PARA EMBUTIR 4\" X 2\" (PLACA + SUPORTE + MODULOS)","un",11,24.86,31.301226000000003,344.31,24.86]
["17.82","Sinapi",1871,"CAIXA OCTOGONAL DE FUNDO MOVEL, EM PVC, DE 3\" X 3\", PARA ELETRODUTO FLEXIVEL CORRUGADO","un",8,4.88,6.1444080000000003,49.16,4.88]
["17.83","Sinapi",2689,"ELETRODUTO PVC FLEXIVEL CORRUGADO, COR AMARELA, DE 20 MM","m",15.53,3,3.7773000000000003,58.66,3]
["17.84","Sinapi",2688,"ELETRODUTO PVC FLEXIVEL CORRUGADO, COR AMARELA, DE 25 MM","m",71.739999999999995,3.25,4.0920750000000004,293.57,3.25]
["17.85","Sinapi",20111,"FITA ISOLANTE ADESIVA ANTICHAMA, USO ATE 750 V, EM ROLO DE 19 MM X 20 M","un",6,11.2,14.10192,84.61,11.2]
["17.86","Sinapi",1873,"CAIXA DE PASSAGEM, EM PVC, DE 4\" X 4\", PARA ELETRODUTO FLEXIVEL CORRUGADO","un",1,5.42,6.8243220000000004,6.82,5.42]
["17.87","Sinapi",38063,"INTERRUPTOR PARALELO 10A, 250V, CONJUNTO MONTADO PARA EMBUTIR 4\" X 2\" (PLACA + SUPORTE + MODULO)","un",4,13.38,16.846758000000001,67.39,13.38]
["17.88","Sinapi",38078,"INTERRUPTOR PARALELO + TOMADA 2P+T 10A, 250V, CONJUNTO MONTADO PARA EMBUTIR 4\" X 2\" (PLACA + SUPORTE + MODULOS)","un",1,22.95,28.896345,28.9,22.95]
["17.89","Sinapi",38775,"LUMINARIA TIPO TARTARUGA PARA AREA EXTERNA EM ALUMINIO, COM GRADE, PARA 1 LAMPADA, BASE E27, POTENCIA MAXIMA 40/60 W (NAO INCLUI LAMPADA)","un",8,80.790000000000006,{"$f":"(G99*K$2)","v":91.777439999999999},734.22,80.790000000000006]
["17.90","Sinapi",10569,"CAIXA DE PASSAGEM / DERIVACAO / LUZ, OCTOGONAL 4 X4, EM ACO ESMALTADA, COM FUNDO MOVEL SIMPLES (FMS)","un",6,3.5,4.4068500000000004,26.44,3.5]
["17.91","Sinapi",100954,"TRANSPORTE COM CAMINHÃO CARROCERIA COM GUINDAUTO (MUNCK),  MOMENTO MÁXIMO DE CARGA 11,7 TM, EM VIA INTERNA (DENTRO DO CANTEIRO - UNIDADE: TXKM). AF_07/2020","TXKM",600,8.9700000000000006,11.294127000000001,{"$f":"ROUND(F101*H101,2)","v":6776.48},8.9700000000000006]
["17.92","Sinapi",100788,"KIT CAVALETE PARA GÁS - SEM MEDIDOR OU REGULADOR - ENTRADA INDIVIDUAL PRINCIPAL, EM AÇO GALVANIZADO DN 15 E 25 MM (1/2\" E 1\") - FORNECIMENTO E INSTALAÇÃO","und",1,780.64,982.9038240000001,{"$f":"ROUND(F102*H102,2)","v":982.9},780.64]
["17.93","CPU","CPU008","CHAPA XADREZ EM ALUMINIO PARA PISO e:3mm, INCLUSO REBITE PARA FIXAÇÃO - APENAS MATERIAL","m²",56.543999999999997,554.6,698.29686000000004,{"$f":"ROUND(F103*H103,2)","v":39484.5},{"$f":"CPU!I129","v":554.6}]
["17.94","CPU","CPU006","REVESTIMENTO DE PAREDES EM CHAPAS DE AÇO INOXIDÁVEL AISI 304  - APENAS MATERIAL","m²",160.29,358.83599999999996,451.81040759999996,{"$f":"ROUND(F104*H104,2)","v":72420.69},{"$f":"CPU!I99","v":358.83599999999996}]

{"sheet":"CPU","index":1,"n_rows":216,"n_cols":9,"rows_kept":216,"cut":false,"hidden":false,"merged":[[151,0,151,2],[151,4,151,7],[152,0,152,7],[153,0,153,7],[154,0,154,7],[186,0,186,7],[168,0,168,7],[169,0,169,8],[173,0,173,7],[174,0,174,2],[174,4,174,7],[175,0,175,7],[156,0,156,7],[157,0,157,6],[158,0,158,6],[159,0,159,8],[187,0,187,8],[190,0,190,7],[191,0,191,2],[191,4,191,7],[192,0,192,7],[176,0,176,7],[177,0,177,7],[179,0,179,7],[180,0,180,6],[181,0,181,6],[182,0,182,8],[214,0,214,7],[215,0,215,7],[206,0,206,7],[207,0,207,8],[211,0,211,7],[212,0,212,2],[212,4,212,7],[213,0,213,7],[193,0,193,7],[194,0,194,7],[197,0,197,7],[198,0,198,6],[199,0,199,6],[200,0,200,8],[150,0,150,7],[131,0,131,7],[138,0,138,7],[121,0,121,6],[122,0,122,8],[126,0,126,7],[127,0,127,7],[128,0,128,7],[129,0,129,8],[132,0,132,6],[133,0,133,6],[134,0,134,8],[139,0,139,2],[139,4,139,7],[141,0,141,7],[140,0,140,7],[143,0,143,7],[144,0,144,6],[145,0,145,6],[146,0,146,8],[120,0,120,6],[100,0,100,7],[88,0,88,7],[89,0,89,6],[90,0,90,6],[91,0,91,8],[95,0,95,7],[96,0,96,7],[97,0,97,7],[98,0,98,7],[99,0,99,8],[101,0,101,6],[102,0,102,6],[103,0,103,8],[119,0,119,7],[109,0,109,8],[113,0,113,7],[108,0,108,7],[114,0,114,2],[114,4,114,7],[115,0,115,7],[116,0,116,7],[117,0,117,7],[83,0,83,2],[83,4,83,7],[84,0,84,7],[85,0,85,7],[86,0,86,7],[87,0,87,8],[69,0,69,8],[74,0,74,7],[75,0,75,8],[78,0,78,7],[79,0,79,8],[82,0,82,7],[63,0,63,7],[64,0,64,7],[65,0,65,8],[66,0,66,7],[67,0,67,6],[68,0,68,6],[55,0,55,7],[56,0,56,8],[60,0,60,7],[61,0,61,2],[61,4,61,7],[62,0,62,7],[47,0,47,8],[48,0,48,7],[49,0,49,6],[50,0,50,6],[51,0,51,8],[44,0,44,7],[45,0,45,7],[46,0,46,7],[32,0,32,6],[33,0,33,8],[37,0,37,7],[38,0,38,8],[42,0,42,7],[43,0,43,2],[43,4,43,7],[29,0,29,8],[30,0,30,7],[31,0,31,6],[28,0,28,7],[20,0,20,8],[24,0,24,7],[25,0,25,2],[25,4,25,7],[26,0,26,7],[27,0,27,7],[16,0,16,8],[17,0,17,7],[18,0,18,6],[19,0,19,6],[6,0,6,6],[7,0,7,8],[11,0,11,7],[12,0,12,2],[12,4,12,7],[13,0,13,7],[2,0,2,8],[0,0,1,6],[0,7,0,8],[1,7,1,8],[3,0,3,8],[4,0,4,7],[5,0,5,6],[14,0,14,7],[15,0,15,7]]}
["PLANILHA ORÇAMENTÁRIA DE ESTIMATIVA GERAL PARA O DISTRITO FEDERAL ",{"$nulls":6},"Base SINAPI-DF 03-2025      ORSE 02-2025"]
[{"$nulls":7},"Data: Maio - 2025"]
["COMPOSIÇÕES DE PREÇO UNITÁRIO"]
[]
[" COMPOSIÇÃO DE PREÇO UNITÁRIO",{"$nulls":7},"CPU001"]
["DESCRIÇÃO DO SERVIÇO",{"$nulls":6},"DATA BASE: ","2024-07-01"]
["EXECUÇÃO DE INSTALAÇÕES HIDROSSANITÁRIAS, EXCLUSIVE EQUIPAMENTOS",{"$nulls":6},"UNIDADE: ","cj"]
["MÃO DE OBRA"]
["BASE","CÓDIGO","DISCRIMINAÇÃO","UNI","QUANT.",null,null,"P.UNIT.","P.TOTAL"]
["SINAPI",88316,"SERVENTE DE OBRAS ","h",80,null,null,23.75,{"$f":"E10*H10","v":1900}]
["SINAPI",88309,"PEDREIRO","h",40,null,null,31.34,{"$f":"E11*H11","v":1253.5999999999999}]
["SUB-TOTAL",{"$nulls":7},{"$f":"SUM(I10:I11)","v":3153.6}]
["PRODUÇÃO DA EQUIPE",null,null,1,"CUSTO ",null,null,null,{"$f":"SUM(I12)","v":3153.6}]
["TOTAL - R$",{"$nulls":7},{"$f":"I13/D13","v":3153.6}]
["BDI                %",{"$nulls":7},1]
["TOTAL DO SERVIÇO - R$",{"$nulls":7},{"$f":"I14*I15","v":3153.6}]
[]
[" COMPOSIÇÃO DE PREÇO UNITÁRIO",{"$nulls":7},"CPU002"]
["DESCRIÇÃO DO SERVIÇO",{"$nulls":6},"DATA BASE: ","2024-07-01"]
["EXECUÇÃO DE INSTALAÇÕES ELÉTRICAS, EXCLUSIVE EQUIPAMENTOS",{"$nulls":6},"UNIDADE: ","cj"]
["MÃO DE OBRA"]
["BASE","CÓDIGO","DISCRIMINAÇÃO","UNI","QUANT.",null,null,"P.UNIT.","P.TOTAL"]
["SINAPI",88247,"AUXILIAR DE ELETRICISTA","h",80,null,null,25,{"$f":"E23*H23","v":2000}]
["SINAPI",88264,"ELETRICISTA","h",40,null,null,31.72,{"$f":"E24*H24","v":1268.8}]
["SUB-TOTAL",{"$nulls":7},{"$f":"SUM(I23:I24)","v":3268.8}]
["PRODUÇÃO DA EQUIPE",null,null,1,"CUSTO ",null,null,null,{"$f":"SUM(I25)","v":3268.8}]
["TOTAL - R$",{"$nulls":7},{"$f":"I26/D26","v":3268.8}]
["BDI                %",{"$nulls":7},1]
["TOTAL DO SERVIÇO - R$",{"$nulls":7},{"$f":"I27*I28","v":3268.8}]
[]
[" COMPOSIÇÃO DE PREÇO UNITÁRIO",{"$nulls":7},"CPU003"]
["DESCRIÇÃO DO SERVIÇO",{"$nulls":6},"DATA BASE: ","2024-07-01"]
["CORTE DE CONTAINER PARA ESQUADRIAS",{"$nulls":6},"UNIDADE: ","m²"]
["MATERIAL"]
["BASE","CÓDIGO","DISCRIMINAÇÃO","UNI","QUANT.",null,null,"P.UNIT.","P.TOTAL"]
["SINAPI",11359,"ESMERILHADEIRA ANGULAR ELETRICA, DIAMETRO DO DISCO 7 '' (180 MM), ROTACAO 8500RPM, POTENCIA 2400 W","un",7.0999999999999994E-2,null,null,1049.27,{"$f":"E36*H36","v":74.498169999999988}]
["SINAPI",44531,"DISCO DE CORTE DIAMANTADO SEGMENTADO DIAMETRO DE 180 MM PARA ESMERILHADEIRA 7 \"","un",1,null,null,76.08,{"$f":"E37*H37","v":76.08}]
["SUB-TOTAL",{"$nulls":7},{"$f":"SUM(I36:I37)","v":150.57817}]
["MÃO DE OBRA"]
["BASE","CÓDIGO","DISCRIMINAÇÃO","UNI","QUANT.",null,null,"P.UNIT.","P.TOTAL"]
["SINAPI",88317,"SOLDADOR COM ENCARGOS COMPLEMENTARES ","h",0.5,null,null,32.07,{"$f":"E41*H41","v":16.035}]
["SINAPI",88315,"SERRALHEIRO COM ENCARGOS COMPLEMENTARES ","h",0.5,null,null,31.13,{"$f":"E42*H42","v":15.565}]
["SUB-TOTAL",{"$nulls":7},{"$f":"SUM(I41:I42)","v":31.6}]
["PRODUÇÃO DA EQUIPE",null,null,1,"CUSTO ",null,null,null,{"$f":"I43+I38","v":182.17816999999999}]
["TOTAL - R$",{"$nulls":7},{"$f":"I44/D44","v":182.17816999999999}]
["BDI                %",{"$nulls":7},1]
["TOTAL DO SERVIÇO - R$",{"$nulls":7},{"$f":"I45*I46","v":182.17816999999999}]
[]
[" COMPOSIÇÃO DE PREÇO UNITÁRIO",{"$nulls":7},"CPU004"]
["DESCRIÇÃO DO SERVIÇO",{"$nulls":6},"DATA BASE: ","2024-07-01"]
["MODIFICAÇÕES NO CONTAINER COM CORTE POR ESMERILHADEIRA ",{"$nulls":6},"UNIDADE: ","m"]
["MATERIAL"]
["BASE","CÓDIGO","DISCRIMINAÇÃO","UNI","QUANT.",null,null,"P.UNIT.","P.TOTAL"]
["SINAPI",11359,"ESMERILHADEIRA ANGULAR ELETRICA, DIAMETRO DO DISCO 7 '' (180 MM), ROTACAO 8500RPM, POTENCIA 2400 W","un",0.04,null,null,1049.27,{"$f":"E54*H54","v":41.970799999999997}]
["SINAPI",44531,"DISCO DE CORTE DIAMANTADO SEGMENTADO DIAMETRO DE 180 MM PARA ESMERILHADEIRA 7 \"","un",0.5,null,null,76.08,{"$f":"E55*H55","v":38.04}]
["SUB-TOTAL",{"$nulls":7},{"$f":"SUM(I54:I55)","v":80.010799999999989}]
["MÃO DE OBRA"]
["BASE","CÓDIGO","DISCRIMINAÇÃO","UNI","QUANT.",null,null,"P.UNIT.","P.TOTAL"]
["SINAPI",88317,"SOLDADOR COM ENCARGOS COMPLEMENTARES ","h",0.25,null,null,32.07,{"$f":"E59*H59","v":8.0175000000000001}]
["SINAPI",88315,"SERRALHEIRO COM ENCARGOS COMPLEMENTARES ","h",0.25,null,null,31.13,{"$f":"E60*H60","v":7.7824999999999998}]
["SUB-TOTAL",{"$nulls":7},{"$f":"SUM(I59:I60)","v":15.8}]
["PRODUÇÃO DA EQUIPE",null,null,1,"CUSTO ",null,null,null,{"$f":"I61+I56","v":95.810799999999986}]
["TOTAL - R$",{"$nulls":7},{"$f":"I62/D62","v":95.810799999999986}]
["BDI                %",{"$nulls":7},1]
["TOTAL DO SERVIÇO - R$",{"$nulls":7},{"$f":"I63*I64","v":95.810799999999986}]
[]
[" COMPOSIÇÃO DE PREÇO UNITÁRIO",{"$nulls":7},"CPU005"]
["DESCRIÇÃO DO SERVIÇO",{"$nulls":6},"DATA BASE: ","2024-07-01"]
["MODIFICAÇÕES NO CONTAINER UNIÃO ATRAVÉS DO PROCESSO DE SOLDAGEM, INCLUSO IÇAMENTO DO CONTAINER",{"$nulls":6},"UNIDADE: ","m"]
["EQUIPAMENTO"]
["BASE","CÓDIGO","DISCRIMINAÇÃO","UNI","QUANT.",null,null,"P.UNIT.","P.TOTAL"]
["SINAPI",92716,"APARELHO PARA CORTE E SOLDA OXI-ACETILENO SOBRE RODAS, INCLUSIVE CILINDROS E MAÇARICOS ","chp",0.18459999999999999,null,null,109.36,{"$f":"E72*H72","v":20.187856}]
["SINAPI",92715,"APARELHO PARA CORTE E SOLDA OXI-ACETILENO SOBRE RODAS, INCLUSIVE CILINDROS E MAÇARICOS - MATERIAIS NA OPERAÇÃO. ","h",1.56,null,null,109,{"$f":"E73*H73","v":170.04}]
["SINAPI",5928,"GUINDAUTO HIDRÁULICO, CAPACIDADE MÁXIMA DE CARGA 6200 KG, MOMENTO MÁXIMO DE CARGA 11,7 TM, ALCANCE MÁXIMO HORIZONTAL 9,70 M, INCLUSIVE CAMINHÃO TOCO PBT 16.000 KG, POTÊNCIA DE 189 CV","chp",0.23880000000000001,null,null,291.69,{"$f":"E74*H74","v":69.655572000000006}]
["SUB-TOTAL",{"$nulls":7},{"$f":"SUM(I72:I74)","v":259.88342799999998}]
["SERVIÇOS - COMPOSIÇÕES AUXILIARES"]
["BASE","CÓDIGO","DISCRIMINAÇÃO","UNI","QUANT.",null,null,"P.UNIT.","P.TOTAL"]
["SINAPI",98746,"SOLDA DE TOPO EM CHAPA/PERFIL/TUBO DE AÇO CHANFRADO, ESPESSURA=1/4''. ","m",1,null,null,77.23,{"$f":"E78*H78","v":77.23}]
["SUB-TOTAL",{"$nulls":7},{"$f":"SUM(I78:I78)","v":77.23}]
["MÃO DE OBRA"]
["BASE","CÓDIGO","DISCRIMINAÇÃO","UNI","QUANT.",null,null,"P.UNIT.","P.TOTAL"]
["SINAPI",88317,"SOLDADOR COM ENCARGOS COMPLEMENTARES ","h",1.56,null,null,32.07,{"$f":"E82*H82","v":50.029200000000003}]
["SUB-TOTAL",{"$nulls":7},{"$f":"SUM(I82:I82)","v":50.029200000000003}]
["PRODUÇÃO DA EQUIPE",null,null,1,"CUSTO ",null,null,null,{"$f":"I83+I75+I79","v":387.142628}]
["TOTAL - R$",{"$nulls":7},{"$f":"I84/D84","v":387.142628}]
["BDI                %",{"$nulls":7},1]
["TOTAL DO SERVIÇO - R$",{"$nulls":7},{"$f":"I85*I86","v":387.142628}]
[]
[" COMPOSIÇÃO DE PREÇO UNITÁRIO",{"$nulls":7},"CPU006"]
["DESCRIÇÃO DO SERVIÇO",{"$nulls":6},"DATA BASE: ","2024-07-01"]
["REVESTIMENTO DE PAREDES EM CHAPAS DE AÇO INOXIDÁVEL AISI 304 - CONSIDERANDO CHAPA DE 1,2mm",{"$nulls":6},"UNIDADE: ","M²"]
["APENAS MATERIAL"]
["BASE","CÓDIGO","DISCRIMINAÇÃO","UNI","QUANT.",null,null,"P.UNIT.","P.TOTAL"]
["COTAÇÃO",null,"CHAPAS DE AÇO INOXIDÁVEL AISI 304","KG",9.6,null,null,34,{"$f":"E94*H94","v":326.39999999999998}]
["SINAPI",131,"ADESIVO ESTRUTURAL A BASE DE RESINA EPOXI, BICOMPONENTE, PASTOSO (TIXOTROPICO)","KG",0.6,null,null,54.06,{"$f":"E95*H95","v":32.436}]
["SUB-TOTAL",{"$nulls":7},{"$f":"SUM(I94:I95)","v":358.83599999999996}]
["TOTAL - R$",{"$nulls":7},{"$f":"I96","v":358.83599999999996}]
["BDI                %",{"$nulls":7},1]
["TOTAL DO SERVIÇO - R$",{"$nulls":7},{"$f":"I97*I98","v":358.83599999999996}]
[]
[" COMPOSIÇÃO DE PREÇO UNITÁRIO",{"$nulls":7},"CPU007"]
["DESCRIÇÃO DO SERVIÇO",{"$nulls":6},"DATA BASE: ","2024-07-01"]
["REVESTIMENTO CERÂMICO PARA PISO COM PLACAS TIPO ESMALTADA DE DIMENSÕES 45x45cm COM ARGAMASSA AC III",{"$nulls":6},"UNIDADE: ","m²"]
["MATERIAL"]
["BASE","CÓDIGO","DISCRIMINAÇÃO","UNI","QUANT.",null,null,"P.UNIT.","P.TOTAL"]
["Sinapi",37596,"ARGAMASSA COLANTE TIPO AC III E","KG",9.1325000000000003,null,null,2.4700000000000002,{"$f":"E106*H106","v":22.557275000000004}]
["Sinapi",1287,"PISO EM CERAMICA ESMALTADA EXTRA, COR LISA, PEI MAIOR OU IGUAL A 4, FORMATO MENOR OU IGUAL A 5 CM2","m²",1.1135999999999999,null,null,29.04,{"$f":"E107*H107","v":32.338943999999998}]
["Sinapi",34357,"REJUNTE CIMENTÍCIO, QUALQUER COR","KG",0.188,null,null,4.1100000000000003,{"$f":"E108*H108","v":0.77268000000000003}]
["SUB-TOTAL",{"$nulls":7},{"$f":"SUM(I106:I108)","v":55.668899000000003}]
["MÃO DE OBRA"]
["BASE","CÓDIGO","DISCRIMINAÇÃO","UNI","QUANT.",null,null,"P.UNIT.","P.TOTAL"]
["SINAPI",88317,"AZULEJISTA OU LADRILHISTA COM ENCARGOS COMPLEMENTARES","h",0.80640000000000001,null,null,32.07,{"$f":"E112*H112","v":25.861248}]
["SINAPI",88316,"SERVENTE COM ENCARGOS COMPLEMENTARES","h",0.20680000000000001,null,null,23.75,{"$f":"E113*H113","v":4.9115000000000002}]
["SUB-TOTAL",{"$nulls":7},{"$f":"SUM(I112:I113)","v":30.772748}]
["PRODUÇÃO DA EQUIPE",null,null,1,"CUSTO ",null,null,null,{"$f":"I114+I109","v":86.441647000000003}]
["TOTAL - R$",{"$nulls":7},{"$f":"I115/D115","v":86.441647000000003}]
["BDI                %",{"$nulls":7},1]
["TOTAL DO SERVIÇO - R$",{"$nulls":7},{"$f":"I116*I117","v":86.441647000000003}]
[]
[" COMPOSIÇÃO DE PREÇO UNITÁRIO",{"$nulls":7},"CPU008"]
["DESCRIÇÃO DO SERVIÇO",{"$nulls":6},"DATA BASE: ","2024-07-01"]
["CHAPA XADREZ EM ALUMINIO PARA PISO e:3mm, INCLUSO REBITE PARA FIXAÇÃO   - MATERIAL",{"$nulls":6},"UNIDADE: ","m"]
["MATERIAL"]
["BASE","CÓDIGO","DISCRIMINAÇÃO","UNI","QUANT.",null,null,"P.UNIT.","P.TOTAL"]
["SINAPI",1337,"CHAPA DE ACO XADREZ PARA PISOS, E = 1/4\" (6,30 MM) 54,53 KG/M2","kg",38,null,null,11.26,{"$f":"E125*H125","v":427.88}]
["SINAPI",10997,"ELETRODO REVESTIDO AWS - E7018, DIAMETRO IGUAL A 4,00 MM","Kg",2.88,null,null,44,{"$f":"E126*H126","v":126.72}]
["SUB-TOTAL",{"$nulls":7},{"$f":"SUM(I125:I126)","v":554.6}]
["BDI                %",{"$nulls":7},1]
["TOTAL DO SERVIÇO - R$",{"$nulls":7},{"$f":"I127","v":554.6}]
[]
[]
[" COMPOSIÇÃO DE PREÇO UNITÁRIO",{"$nulls":7},"CPU009"]
["DESCRIÇÃO DO SERVIÇO",{"$nulls":6},"DATA BASE: ","2024-07-01"]
["CHAPA XADREZ EM ALUMINIO PARA PISO e:3mm, INCLUSO REBITE PARA FIXAÇÃO   -  MÃO DE OBRA",{"$nulls":6},"UNIDADE: ","m"]
["MÃO DE OBRA"]
["BASE","CÓDIGO","DISCRIMINAÇÃO","UNI","QUANT.",null,null,"P.UNIT.","P.TOTAL"]
["SINAPI",88315,"SERRALHEIRO COM ENCARGOS","H",8.99,null,null,31.13,{"$f":"E137*H137","v":279.8587}]
["SINAPI",88316,"SERVENTE COM ENCARGOS COMPLEMENTARES","H",6.42,null,null,23.75,{"$f":"E138*H138","v":152.47499999999999}]
["SUB-TOTAL",{"$nulls":7},{"$f":"SUM(I137:I138)","v":432.33370000000002}]
["PRODUÇÃO DA EQUIPE",null,null,1,"CUSTO ",null,null,null,{"$f":"I139","v":432.33370000000002}]
["TOTAL - R$",{"$nulls":7},{"$f":"I140/D140","v":432.33370000000002}]
["TOTAL DO SERVIÇO - R$",{"$nulls":7},{"$f":"I140","v":432.33370000000002}]
[]
[" COMPOSIÇÃO DE PREÇO UNITÁRIO",{"$nulls":7},"CPU0010"]
["DESCRIÇÃO DO SERVIÇO",{"$nulls":6},"DATA BASE: ","2024-07-01"]
["REVESTIMENTO DE PAREDES EM CHAPAS DE AÇO INOXIDÁVEL AISI 304 - CONSIDERANDO CHAPA DE 1,2mm",{"$nulls":6},"UNIDADE: ","M²"]
["APENAS MÃO DE OBRA"]
["BASE","CÓDIGO","DISCRIMINAÇÃO","UNI","QUANT.",null,null,"P.UNIT.","P.TOTAL"]
["SINAPI",88317,"SOLDADOR COM ENCARGOS COMPLEMENTARES ","h",0.8,null,null,32.07,{"$f":"E149*H149","v":25.656000000000002}]
["SINAPI",88315,"SERRALHEIRO COM ENCARGOS COMPLEMENTARES ","h",0.8,null,null,31.13,{"$f":"E150*H150","v":24.904}]
["SUB-TOTAL",{"$nulls":7},{"$f":"SUM(I149:I150)","v":50.56}]
["PRODUÇÃO DA EQUIPE",null,null,1,"CUSTO ",null,null,null,{"$f":"I151","v":50.56}]
["TOTAL - R$",{"$nulls":7},{"$f":"I152/D152","v":50.56}]
["BDI                %",{"$nulls":7},1]
["TOTAL DO SERVIÇO - R$",{"$nulls":7},{"$f":"I153*I154","v":50.56}]
[]
[" COMPOSIÇÃO DE PREÇO UNITÁRIO",{"$nulls":7},"CPU011"]
["DESCRIÇÃO DO SERVIÇO",{"$nulls":6},"DATA BASE: ","2024-07-01"]
["GUARDA-CORPO DE AÇO CARBONO, MONTANTES TUBULARES DE 1.1/2\" ESPAÇADOS EM 0,75M, ALTURA APROXIMADA DE 0,90M, PREPARADO COM FUNDO E TINTA EPÓXI NA COR AMARELA",{"$nulls":6},"UNIDADE: ","m"]
["MATERIAL"]
["BASE","CÓDIGO","DISCRIMINAÇÃO","UNI","QUANT.",null,null,"P.UNIT.","P.TOTAL"]
["SINAPI",1332,"CHAPA DE ACO GROSSA, ASTM A36, E = 3/8 \" (9,53 MM) 74,69 KG/M2","KG","0,8960000",null,null,10.02,{"$f":"E162*H162","v":8.9779199999999992}]
["SINAPI",11002,"ELETRODO REVESTIDO AWS - E6013, DIAMETRO IGUAL A 2,50 MM","KG","0,0650000",null,null,42.25,{"$f":"E163*H163","v":2.7462500000000003}]
["SINAPI",11964,"PARAFUSO DE ACO TIPO CHUMBADOR PARABOLT, DIAMETRO 3/8\", COMPRIMENTO 75 MM","UN","3,3330000",null,null,2.54,8.4658200000000008]
["SINAPI",21001,"TUBO ACO CARBONO COM COSTURA, NBR 5580, CLASSE L, DN = 25 MM, E = 2,65 MM, 2,02 KG/M","M",1.0417000000000001,null,null,15.84,16.500527999999999]
["SINAPI",21003,"TUBO ACO CARBONO COM COSTURA, NBR 5580, CLASSE L, DN = 40 MM, E = 3,0 MM, 3,34 KG/M","M",3.0250000000000004,null,null,26.03,78.74075000000002]
["SINAPI",100719,"PINTURA COM TINTA ALQUÍDICA DE FUNDO (TIPO ZARCÃO) PULVERIZADA SOBRE PERFIL METÁLICO EXECUTADO EM FÁBRICA (POR DEMÃO). AF_01/2020_PE","M2",1.1000000000000001,null,null,12.31,13.541000000000002]
["SINAPI",100729,"PINTURA COM TINTA EPOXÍDICA DE ACABAMENTO PULVERIZADA SOBRE PERFIL METÁLICO EXECUTADO EM FÁBRICA (POR DEMÃO). AF_01/2020_PE","M2",1.1000000000000001,null,null,22.88,25.167999999999999]
["SUB-TOTAL",{"$nulls":7},{"$f":"SUM(I162:I168)","v":154.14026800000002}]
["MÃO DE OBRA"]
["BASE","CÓDIGO","DISCRIMINAÇÃO","UNI","QUANT.",null,null,"P.UNIT.","P.TOTAL"]
["SINAPI",88251,"AUXILIAR DE SERRALHEIRO COM ENCARGOS COMPLEMENTARES","H",8,null,null,24.57,{"$f":"H172*E172","v":196.56}]
["SINAPI",88315,"SERRALHEIRO COM ENCARGOS COMPLEMENTARES","H",5.333333333333333,null,null,31.13,{"$f":"H173*E173","v":166.02666666666664}]
["SUB-TOTAL",{"$nulls":7},{"$f":"SUM(I172:I173)","v":362.58666666666664}]
["PRODUÇÃO DA EQUIPE",null,null,1,"CUSTO ",null,null,null,{"$f":"I174+I169","v":516.72693466666669}]
["TOTAL - R$",{"$nulls":7},{"$f":"I175/D175","v":516.72693466666669}]
["BDI                %",{"$nulls":7},1]
["TOTAL DO SERVIÇO - R$",{"$nulls":7},{"$f":"I176*I177","v":516.72693466666669}]
[]
[" COMPOSIÇÃO DE PREÇO UNITÁRIO",{"$nulls":7},"CPU012"]
["DESCRIÇÃO DO SERVIÇO",{"$nulls":6},"DATA BASE: ","2024-07-01"]
["CONTAINER HIGH CUBE 40 PÉS 12,2X2,3X2,9 (COMPXLARGXALTU)",{"$nulls":6},"UNIDADE: ","un"]
["MATERIAL"]
["BASE","CÓDIGO","DISCRIMINAÇÃO","UNI","QUANT.",null,null,"P.UNIT.","P.TOTAL"]
["COTAÇÃO","-","CONTAINER HIGH CUBE 40 PÉS 12,2X2,3X2,9 (COMPXLARGXALTU)","un",1,null,null,18015,{"$f":"E185*H185","v":18015}]
[{"$nulls":8},{"$f":"E186*H186","v":0}]
["SUB-TOTAL",{"$nulls":7},{"$f":"SUM(I185:I186)","v":18015}]
["MÃO DE OBRA"]
["BASE","CÓDIGO","DISCRIMINAÇÃO","UNI","QUANT.",null,null,"P.UNIT.","P.TOTAL"]
["-","-","-","-","-",null,null,"-","-"]
["SUB-TOTAL",{"$nulls":7},{"$f":"SUM(I190:I190)","v":0}]
["PRODUÇÃO DA EQUIPE",null,null,1,"CUSTO ",null,null,null,{"$f":"I191+I187","v":18015}]
["TOTAL - R$",{"$nulls":7},{"$f":"I192/D192","v":18015}]
["BDI                %",{"$nulls":7},1]
["TOTAL DO SERVIÇO - R$",{"$nulls":7},{"$f":"I193*I194","v":18015}]
[]
[]
[" COMPOSIÇÃO DE PREÇO UNITÁRIO",{"$nulls":7},"CPU013"]
["DESCRIÇÃO DO SERVIÇO",{"$nulls":6},"DATA BASE: ","2024-07-01"]
["FORNECIMENTO E INSTALAÇÃO DE SUPORTE PARA CAIXA D'ÁGUA EM METALON",{"$nulls":6},"UNIDADE: ","un"]
["MATERIAL"]
["BASE","CÓDIGO","DISCRIMINAÇÃO","UNI","QUANT.",null,null,"P.UNIT.","P.TOTAL"]
["ORSE","08851/ORSE","Tubo industrial, em aço, quadrado, dim 50 x 50 mm, e=2,00mm, 4,476 kg/m","m",{"$f":"5.4*1.1","v":5.9400000000000013},null,null,73.400000000000006,{"$f":"E203*H203","v":435.99600000000015}]
["ORSE","10600/ORSE","Chapa aço fina preta lisa nº14, e=2,00mm (16,0 kg/m2)","m2",{"$f":"2.427*1.075*1.1","v":2.8699275000000002},null,null,142.56,{"$f":"E204*H204","v":409.13686440000004}]
["SINAPI",100719,"PINTURA COM TINTA ALQUÍDICA DE FUNDO (TIPO ZARCÃO) PULVERIZADA SOBRE PERFIL METÁLICO EXECUTADO EM FÁBRICA (POR DEMÃO). AF_01/2020_PE","m2",{"$f":"SUM(E206,E203)*2","v":22.558800000000005},null,null,12.31,{"$f":"E205*H205","v":277.69882800000005}]
["ORSE","13120/ORSE","Perfil Aço, UDC Enrijecido 75 x 40 x 3,43(kg/m) - SAE 1008/1012","kg",{"$f":"2.427*2*1.1","v":5.3394000000000004},null,null,15.4,{"$f":"E206*H206","v":82.226760000000013}]
["SUB-TOTAL",{"$nulls":7},{"$f":"SUM(I203:I206)","v":1205.0584524000003}]
["MÃO DE OBRA"]
["BASE","CÓDIGO","DISCRIMINAÇÃO","UNI","QUANT.",null,null,"P.UNIT.","P.TOTAL"]
["SINAPI",88251,"AUXILIAR DE SERRALHEIRO COM ENCARGOS COMPLEMENTARES","H",{"$f":"20*2","v":40},null,null,24.57,{"$f":"H210*E210","v":982.8}]
["SINAPI","88315","SERRALHEIRO COM ENCARGOS COMPLEMENTARES","H",{"$f":"20*2","v":40},null,null,31.13,{"$f":"H211*E211","v":1245.2}]
["SUB-TOTAL",{"$nulls":7},{"$f":"SUM(I210:I211)","v":2228}]
["PRODUÇÃO DA EQUIPE",null,null,1,"CUSTO ",null,null,null,{"$f":"I212+I207","v":3433.0584524000005}]
["TOTAL - R$",{"$nulls":7},{"$f":"I213/D213","v":3433.0584524000005}]
["BDI                %",{"$nulls":7},1]
["TOTAL DO SERVIÇO - R$",{"$nulls":7},{"$f":"I214*I215","v":3433.0584524000005}]